000 00613nam a2200205 i 4500
001 39081
003 ES-MaACL
005 20250814230836.0
007 t|
008 030227s1977 sp ||||1| spa d
100 1 _aCampbell, Colin.
_934131
245 1 0 _aHacia una sociología de la irreligión /
_cColin Campbel ; traducción de Susana Riaño.
260 _aMadrid :
_bTecnos,
_c1977.
300 _a147 p. ;
_c24 cm.
490 1 _aCiencias sociales
700 1 _aRiaño, Susana.
_996683
830 0 0 _aCiencias sociales
_9177859
852 _aES-MaACL
_jA-7732
_bR.96711
999 _c39081
_d39081